| 000 | 00401nam a2200169 4500 | ||
|---|---|---|---|
| 005 | 20250708122309.0 | ||
| 008 | cu123 | ||
| 020 | _a9781412911542 | ||
| 100 | _aBLYTON Paul ed. | ||
| 245 | _aThe sage handbook of industrial relations | ||
| 260 |
_aLos Angels _bSage _c2008 |
||
| 300 | _avii,670p | ||
| 700 | _aBACON, Nicolas | ||
| 700 | _aFIORITO Jack | ||
| 700 | _aHEERY Edmund | ||
| 942 |
_2lcc _cBK _n0 |
||
| 999 |
_c6860 _d6860 |
||